| 000 | 00703nam a2200241Ia 4500 | ||
|---|---|---|---|
| 003 | OSt | ||
| 005 | 20220925223031.0 | ||
| 006 | a|||||r|||| 00| 0 | ||
| 007 | ta | ||
| 008 | 220923b |||||||| |||| 00| 0 eng d | ||
| 020 | _a0415136393 | ||
| 037 | _cGeneral Book | ||
| 040 |
_aRTL _cRTL _beng |
||
| 041 |
_2eng _aeng |
||
| 082 | _aX:(R4), N6 | ||
| 100 | _aNell Edward J | ||
| 245 | 0 |
_aMaking sense of a changing economy _b Technology, markets and morals |
|
| 260 |
_aLondon _bRoutledge _c1996 |
||
| 300 |
_axviii,222p Bibliography: P 216-18 _ccm. |
||
| 650 |
_aEconomics irt Ethics _9248641 |
||
| 942 |
_hX:(R4), N6 _cGB _2CC |
||
| 999 |
_c578453 _d578453 |
||